000 00876nam a22002297a 4500
005 20140707115647.0
008 090926s2007 ck a gr 00010 spa d
020 _a9789586240710
041 _aspa
044 _ack
082 0 4 _a333.72
_bD17i
110 1 _aColombia.
_bMinisterio de Protección Social
_924664
245 1 0 _aIniciativa Latinoamericana y Caribeña para el desarrollo sostenible :
_bindicadores de seguimiento /
_cMinisterio de Protección Social.
260 3 _aBogotá
_bDane
_bPnuma,
_c2007
300 _a102 p. :
_bil. ;
_c28 cm.
504 _aIncluye bibliografía.
650 6 _aDesarrollo sostenible
_z Colombia.
_924665
650 _aProtección del medio ambiente
_z Colombia.
_924666
650 _aConservación de los recursos naturales
_z Colombia
_y 1997-2005.
_924667
650 _aConsumo de energía
_y 1997-2005.
_924668
942 _2ddc
_cImpreso
999 _c8516
_d8516